The boss, life and time of the British business (Record no. 1441928)

MARC details
000 -LEADER
fixed length control field 00605nam a2200217Ia 4500
005 - DATE AND TIME OF LATEST TRANSACTION
control field 20250923144657.0
008 - FIXED-LENGTH DATA ELEMENTS--GENERAL INFORMATION
fixed length control field 008 250917s9999 xx 000 0 eng d
037 ## - SOURCE OF ACQUISITION
Stock number Textual
040 ## - CATALOGING SOURCE
Original cataloging agency DSWL
Language of cataloging eng
Transcribing agency DSWL
041 ## - LANGUAGE CODE
Language code of text/sound track or separate title eng
Source of code eng
084 ## - COLON CLASSIFICATION NUMBER
Classification number X81:Y1y7, J8
Assigning agency DSWL
100 ## - MAIN ENTRY--PERSONAL NAME
Personal name Lewis, Roy
9 (RLIN) 827274
245 #4 - TITLE STATEMENT
Title The boss, life and time of the British business
Statement of responsibility, etc. by Roy Lewis
260 ## - PUBLICATION, DISTRIBUTION, ETC.
Place of publication, distribution, etc. London
Name of publisher, distributor, etc. Phoenix House
Date of publication, distribution, etc. 1958
300 ## - PHYSICAL DESCRIPTION
Extent 254p.
365 ## - TRADE PRICE
Price type code INR
Price amount 21
700 ## - ADDED ENTRY--PERSONAL NAME
Personal name R. Stewart
9 (RLIN) 827275
925 ## -
-- 21
942 ## - ADDED ENTRY ELEMENTS (KOHA)
Koha item type Textual
Classification part X81:Y1y7, J8
Holdings
Withdrawn status Lost status Damaged status Not for loan Home library Current library Date acquired Total Checkouts Full call number Barcode Date last seen Price effective from Koha item type
        Department of Social Work Library Department of Social Work Library 2025-09-23   X81:Y1y7, J8 SW0006370 2025-09-23 2025-09-23 Textual
Copyright @ Delhi University Library System